00607 2200229 4500001002100000005001500021035002000036001002100056005001500077035002000092245005100112100001900163250001700182300003300199260004700232082001000279084001600289020002200305600001400327500002200341650001400363INLIS00000000000060420240823082353 a0010-0824000122INLIS00000000000054720240820074927 a0010-08240000651 aBerkreasi dengan Lilin Warna /cYeni Indrianti0 aYeni Indrianti acetakan ke-1 aiii, 36 hlm :bIlus ;c22 cm aJakarta :bCV Citra Cipta Purwosari,c2006 a745.5 a745.5 YEN b a978-979-1216-03-7 4aKerajinan aSeri Keterampilan 4aKerajinan